[Event "FIN-chT1B 1819"]
[Site "Finland"]
[Date "2019.04.06"]
[Round "7.3"]
[White "Tiinanen, Teemu"]
[Black "Lahdelma, Henri"]
[Result "1-0"]
[WhiteElo "2009"]
[BlackElo "2109"]
[PlyCount "61"]
[EventDate "2018.09.15"]
[EventType "team-tourn"]
[EventRounds "7"]
[EventCountry "FIN"]
[SourceTitle "EXT 2020"]
[Source "ChessBase"]
[SourceDate "2019.10.17"]
[SourceVersion "1"]
[SourceVersionDate "2019.10.17"]
[SourceQuality "1"]
[WhiteTeam "Helsinki HSK II"]
[BlackTeam "Espoo MatSK II"]
[WhiteTeamCountry "FIN"]
[BlackTeamCountry "FIN"]

1. Nc3 d5 2. e4 e6 3. d4 Nf6 4. e5 Nfd7 5. f4 c5 6. Nf3 Nc6 7. Be3 Be7 8. Qd2 0-0 9. Be2 a6 10. 0-0 b5 11. Nd1 Qb6 12. c3 b4 13. Nf2 a5 14. Rfd1 Ba6 15. Nd3 Rab8 16. Rac1 c4 17. Nf2 Bb5 18. Qc2 a4 19. Qb1 a3 20. bxa3 b3 21. axb3 cxb3 22. c4 dxc4 23. Bxc4 Bxa3 24. Rc3 Bxc4 25. Rxc4 Qb5 26. Rc3 Na5 27. Bd2 Nb6 28. Ng5 g6 29. Rh3 Nbc4 30. Rxh7 Nxd2 31. Ng4 1-0

[Event "FIN-chT1A 1819"]
[Site "Finland"]
[Date "2019.01.12"]
[Round "5.8"]
[White "Peltonen, Simo"]
[Black "Tiinanen, Teemu"]
[Result "0-1"]
[WhiteElo "1981"]
[BlackElo "2009"]
[PlyCount "78"]
[EventDate "2018.09.15"]
[EventType "team-tourn"]
[EventRounds "7"]
[EventCountry "FIN"]
[SourceTitle "EXT 2020"]
[Source "ChessBase"]
[SourceDate "2019.10.17"]
[SourceVersion "1"]
[SourceVersionDate "2019.10.17"]
[SourceQuality "1"]
[WhiteTeam "Tampere Tammer II"]
[BlackTeam "Helsinki HSK"]
[WhiteTeamCountry "FIN"]
[BlackTeamCountry "FIN"]

1. e4 e6 2. d4 d5 3. Nc3 Nf6 4. e5 Nfd7 5. Nf3 c5 6. Ne2 cxd4 7. Nexd4 Bc5 8. c3 Nc6 9. Nxc6 bxc6 10. Bd3 Qb6 11. 0-0 Ba6 12. b4 Bxd3 13. Qxd3 Be7 14. Be3 Qc7 15. Bd4 0-0 16. Qe3 a5 17. a3 c5 18. bxc5 Nxc5 19. Nd2 a4 20. Rab1 Rfb8 21. c4 dxc4 22. Nxc4 Nb3 23. Nd6 Ra6 24. Bb2 Rd8 25. Ne4 Qc2 26. Rfe1 Rd3 27. Qe2 Rc6 28. Qg4 h6 29. Nd6 Rd2 30. Qf4 Bxd6 31. exd6 Rcxd6 32. Qg3 Qh7 33. h3 R6d3 34. Qb8+ Rd8 35. Qa7 Qf5 36. Bc3 Rc2 37. Bb4 Nd4 38. Rf1 Ne2+ 39. Kh1 Nf4 0-1

[Event "FIN-chT1A 1819"]
[Site "Finland"]
[Date "2018.12.08"]
[Round "4.8"]
[White "Tiinanen, Teemu"]
[Black "Valo, Veikko"]
[Result "1-0"]
[WhiteElo "2009"]
[BlackElo "1770"]
[PlyCount "67"]
[EventDate "2018.09.15"]
[EventType "team-tourn"]
[EventRounds "7"]
[EventCountry "FIN"]
[SourceTitle "EXT 2020"]
[Source "ChessBase"]
[SourceDate "2019.10.17"]
[SourceVersion "1"]
[SourceVersionDate "2019.10.17"]
[SourceQuality "1"]
[WhiteTeam "Helsinki HSK"]
[BlackTeam "Pori PSY"]
[WhiteTeamCountry "FIN"]
[BlackTeamCountry "FIN"]

1. Nc3 Nf6 2. e4 d6 3. d4 g6 4. Be3 Bg7 5. Qd2 c6 6. Bh6 Bxh6 7. Qxh6 Qa5 8. Bd3 Na6 9. Nge2 Nb4 10. 0-0 Nxd3 11. cxd3 Qh5 12. Qd2 0-0 13. f4 Qh6 14. Rf3 Nh5 15. Raf1 e5 16. Qe1 Bg4 17. R3f2 exf4 18. Nxf4 Nxf4 19. Rxf4 Bd7 20. Rf6 Be6 21. d5 cxd5 22. exd5 Bd7 23. Qe7 Be8 24. Ne4 Qg7 25. Nxd6 b6 26. b3 a5 27. a4 h6 28. Qb7 Rd8 29. Qxb6 Ra8 30. Qc7 h5 31. Nc8 Rxc8 32. Qxc8 Bxa4 33. Qb7 Be8 34. d6 1-0

[Event "FIN-chT1A 1819"]
[Site "Finland"]
[Date "2018.09.15"]
[Round "1.6"]
[White "Julkunen, Tapio"]
[Black "Tiinanen, Teemu"]
[Result "0-1"]
[WhiteElo "1895"]
[BlackElo "2009"]
[PlyCount "104"]
[EventDate "2018.09.15"]
[EventType "team-tourn"]
[EventRounds "7"]
[EventCountry "FIN"]
[SourceTitle "EXT 2020"]
[Source "ChessBase"]
[SourceDate "2019.10.17"]
[SourceVersion "1"]
[SourceVersionDate "2019.10.17"]
[SourceQuality "1"]
[WhiteTeam "Vaasa VSS"]
[BlackTeam "Helsinki HSK"]
[WhiteTeamCountry "FIN"]
[BlackTeamCountry "FIN"]

1. d4 e6 2. c4 Bb4+ 3. Bd2 c5 4. Nf3 Nf6 5. e3 0-0 6. Bd3 Qe7 7. 0-0 d6 8. Nc3 e5 9. dxe5 dxe5 10. e4 Bg4 11. h3 Bh5 12. a3 Bxc3 13. Bxc3 Nc6 14. Qe2 Nd4 15. Bxd4 exd4 16. Rfe1 Nd7 17. g4 Bg6 18. Qd2 Qf6 19. Kg2 Rae8 20. Re2 Qc6 21. Rae1 h5 22. Nh4 hxg4 23. hxg4 Ne5 24. f3 a6 25. Kf2 b5 26. Rc1 Qe6 27. Qc2 Rb8 28. Nf5 Qf6 29. Rh1 Rfd8 30. Kg3 Bxf5 31. exf5 bxc4 32. Bxc4 d3 33. Reh2 Kf8 34. Qc3 Qd6 35. f4 Nxc4 36. Qxc4 d2 37. Rh8+ Ke7 38. Rxd8 Rxd8 39. Rd1 Kf8 40. Qc3 Qd5 41. Qe3 c4 42. Kf2 Qa5 43. Qe5 Qa4 44. Qe2 Qc2 45. f6 gxf6 46. a4 Rd3 47. g5 fxg5 48. fxg5 Qxb2 49. Qe4 Qb8 50. Qh4 Qb6+ 51. Kg2 Qd4 52. Qh6+ Ke7 0-1

[Event "FIN-chT 1718"]
[Site "Finland"]
[Date "2018.03.11"]
[Round "11.7"]
[White "Fraser, Scott"]
[Black "Tiinanen, Teemu"]
[Result "1-0"]
[WhiteElo "2170"]
[BlackElo "1992"]
[PlyCount "83"]
[EventDate "2017.09.16"]
[EventType "team-tourn"]
[EventRounds "11"]
[EventCountry "FIN"]
[SourceTitle "EXT 2019"]
[Source "ChessBase"]
[SourceDate "2018.10.10"]
[SourceVersion "1"]
[SourceVersionDate "2018.10.10"]
[SourceQuality "1"]
[WhiteTeam "Espoo MatSK"]
[BlackTeam "Helsinki HSK"]
[WhiteTeamCountry "FIN"]
[BlackTeamCountry "FIN"]

1. d4 e6 2. c4 f5 3. g3 Nf6 4. Bg2 Be7 5. Nf3 0-0 6. 0-0 d6 7. Nc3 Ne4 8. Nxe4 fxe4 9. Nd2 d5 10. f3 c5 11. fxe4 Rxf1+ 12. Nxf1 dxc4 13. d5 Nc6 14. Bf4 exd5 15. exd5 Nd4 16. e3 Nb5 17. a4 Nd6 18. e4 g5 19. Be3 Nf7 20. Nd2 Ne5 21. Qc2 Ng4 22. Nxc4 Bf6 23. Bxc5 b6 24. Bf2 Ba6 25. Ne3 Ne5 26. Rd1 Rc8 27. Qb3 Kh8 28. Bf1 Bxf1 29. Kxf1 Qe8 30. Kg2 Qh5 31. Nf5 Ng4 32. Bg1 Nxh2 33. Qd3 Ng4 34. d6 Ne5 35. d7 Rd8 36. Qf1 Rxd7 37. Rxd7 Nxd7 38. Qc4 Qe8 39. b4 Ne5 40. Qc7 Qd7 41. Qb8+ Bd8 42. Qxe5+ 1-0

[Event "FIN-chT 1718"]
[Site "Finland"]
[Date "2018.03.10"]
[Round "10.6"]
[White "Tiinanen, Teemu"]
[Black "Nivala, Tuomas"]
[Result "1/2-1/2"]
[WhiteElo "1992"]
[BlackElo "2224"]
[PlyCount "67"]
[EventDate "2017.09.16"]
[EventType "team-tourn"]
[EventRounds "11"]
[EventCountry "FIN"]
[SourceTitle "EXT 2019"]
[Source "ChessBase"]
[SourceDate "2018.10.10"]
[SourceVersion "1"]
[SourceVersionDate "2018.10.10"]
[SourceQuality "1"]
[WhiteTeam "Helsinki HSK"]
[BlackTeam "Jyvaskyla JyS"]
[WhiteTeamCountry "FIN"]
[BlackTeamCountry "FIN"]

1. Nc3 d5 2. e4 e6 3. d4 Nf6 4. e5 Nfd7 5. f4 c5 6. Nf3 Nc6 7. Be3 Be7 8. Qd2 0-0 9. Be2 b6 10. 0-0 f5 11. Nd1 cxd4 12. Nxd4 Nxd4 13. Bxd4 Nc5 14. Nf2 Qc7 15. Rfd1 Bb7 16. a4 a5 17. Qe3 Bc6 18. b3 Rab8 19. g4 g6 20. g5 Rfd8 21. h4 Kf7 22. h5 Rh8 23. Kg2 Rbg8 24. Rh1 Kg7 25. Rh2 Be8 26. Rah1 Bf8 27. Rh3 Nd7 28. Qc1 Bc5 29. c3 gxh5 30. Bxh5 Bxh5 31. Rxh5 Bxd4 32. cxd4 Qxc1 33. Rxc1 Rc8 34. Rhh1 1/2-1/2

[Event "FIN-chT 1718"]
[Site "Finland"]
[Date "2017.12.03"]
[Round "6.7"]
[White "Nyback, Jukka"]
[Black "Tiinanen, Teemu"]
[Result "1/2-1/2"]
[WhiteElo "2124"]
[BlackElo "1992"]
[PlyCount "43"]
[EventDate "2017.09.16"]
[EventType "team-tourn"]
[EventRounds "11"]
[EventCountry "FIN"]
[SourceTitle "EXT 2019"]
[Source "ChessBase"]
[SourceDate "2018.10.10"]
[SourceVersion "1"]
[SourceVersionDate "2018.10.10"]
[SourceQuality "1"]
[WhiteTeam "Helsinki SSK"]
[BlackTeam "Helsinki HSK"]
[WhiteTeamCountry "FIN"]
[BlackTeamCountry "FIN"]

1. e4 e6 2. d4 d5 3. exd5 exd5 4. Nf3 Bd6 5. Bd3 Ne7 6. h3 Nbc6 7. 0-0 0-0 8. Re1 Bf5 9. Bg5 f6 10. Be3 Qd7 11. a3 Bxd3 12. Qxd3 Qf5 13. Qxf5 Nxf5 14. Nc3 Nce7 15. Nb5 c6 16. Nxd6 Nxd6 17. Bf4 Ndf5 18. g4 Ng6 19. Bg3 Nxg3 20. fxg3 h6 21. Re3 Rae8 22. Rae1 1/2-1/2

[Event "FIN-chT2 Gp2 1718"]
[Site "Finland"]
[Date "2017.10.22"]
[Round "3.2"]
[White "Tiinanen, Teemu"]
[Black "Piho, Juha"]
[Result "1-0"]
[WhiteElo "1992"]
[BlackElo "1896"]
[PlyCount "61"]
[EventDate "2017.09.16"]
[EventType "team-tourn"]
[EventRounds "7"]
[EventCountry "FIN"]
[SourceTitle "EXT 2020"]
[Source "ChessBase"]
[SourceDate "2019.10.17"]
[SourceVersion "1"]
[SourceVersionDate "2019.10.17"]
[SourceQuality "1"]
[WhiteTeam "Helsinki HSK II"]
[BlackTeam "Hyvinkaa SK"]
[WhiteTeamCountry "FIN"]
[BlackTeamCountry "FIN"]

1. Nc3 c5 2. e4 e6 3. g3 d5 4. exd5 exd5 5. d4 Nf6 6. Bg2 Bg4 7. Nge2 cxd4 8. Qxd4 Nc6 9. Qa4 Bb4 10. 0-0 Qd7 11. Nf4 Bxc3 12. bxc3 0-0 13. h3 Bf5 14. Rd1 Rfd8 15. g4 Bxg4 16. hxg4 Qxg4 17. f3 Qh4 18. Qb5 Ne5 19. Qe2 Neg4 20. fxg4 Nxg4 21. Bh3 Nf6 22. Qf2 Qh6 23. Rd3 Ne4 24. Qg2 Ng5 25. Ne2 Nxh3+ 26. Rxh3 Qb6+ 27. Nd4 Rd6 28. Bf4 Rg6 29. Rg3 Rxg3 30. Qxg3 Re8 31. Re1 1-0

[Event "FIN-chT1B 1617"]
[Site "Finland"]
[Date "2017.03.11"]
[Round "7.1"]
[White "Dokutchaev, Aleksander"]
[Black "Tiinanen, Teemu"]
[Result "1-0"]
[WhiteElo "2407"]
[BlackElo "2005"]
[PlyCount "69"]
[EventDate "2016.09.17"]
[EventType "team-tourn"]
[EventRounds "7"]
[EventCountry "FIN"]
[SourceTitle "EXT 2019"]
[Source "ChessBase"]
[SourceDate "2018.10.10"]
[SourceVersion "1"]
[SourceVersionDate "2018.10.10"]
[SourceQuality "1"]
[WhiteTeam "Joensuu SK"]
[BlackTeam "Helsinki HSK II"]
[WhiteTeamCountry "FIN"]
[BlackTeamCountry "FIN"]

1. d4 e6 2. Nf3 c5 3. e3 Nc6 4. c4 cxd4 5. exd4 d5 6. cxd5 exd5 7. Bd3 Nf6 8. 0-0 Be7 9. h3 0-0 10. Nc3 Re8 11. Re1 h6 12. Bf4 Be6 13. Qd2 Bd6 14. Be5 Rc8 15. Rad1 Bb4 16. Qf4 Ne4 17. Bxe4 Bxc3 18. bxc3 dxe4 19. Qxe4 Bxa2 20. Qg4 Nxe5 21. dxe5 Qc7 22. Qa4 Bc4 23. Qxa7 Re6 24. Qe3 Rc6 25. Nd4 Rc5 26. Qg3 Kh7 27. Nf5 g6 28. Nd6 Ra8 29. Ne4 Rc6 30. Rd6 Be6 31. Qh4 Bf5 32. Nf6+ Kg7 33. Nd5 Qa5 34. Qf6+ Kg8 35. Ne7+ 1-0

[Event "FIN-chT1B 1617"]
[Site "Finland"]
[Date "2017.01.14"]
[Round "5.4"]
[White "Lehtosaari, Mauri"]
[Black "Tiinanen, Teemu"]
[Result "1/2-1/2"]
[WhiteElo "2128"]
[BlackElo "2005"]
[PlyCount "50"]
[EventDate "2016.09.17"]
[EventType "team-tourn"]
[EventRounds "7"]
[EventCountry "FIN"]
[SourceTitle "EXT 2019"]
[Source "ChessBase"]
[SourceDate "2018.10.10"]
[SourceVersion "1"]
[SourceVersionDate "2018.10.10"]
[SourceQuality "1"]
[WhiteTeam "Kotka KymS"]
[BlackTeam "Helsinki HSK II"]
[WhiteTeamCountry "FIN"]
[BlackTeamCountry "FIN"]

1. e4 e6 2. Be2 d5 3. e5 c5 4. f4 Nc6 5. Nf3 f6 6. 0-0 Nh6 7. b3 Be7 8. Bb2 0-0 9. a3 Nf7 10. Bb5 Bd7 11. Qe2 Qc7 12. Bxc6 Qxc6 13. exf6 Bxf6 14. Bxf6 gxf6 15. d3 Kh8 16. Nbd2 Rg8 17. Rf2 Nh6 18. h3 Rg7 19. Nh4 Rag8 20. Qh5 Nf7 21. Nf1 Be8 22. Qe2 Nh6 23. Re1 Bf7 24. a4 Re8 25. Qf3 Reg8 1/2-1/2

[Event "FIN-chT 1516"]
[Site "Finland"]
[Date "2015.11.08"]
[Round "6.8"]
[White "Tiinanen, Teemu"]
[Black "Papula, Niko"]
[Result "1/2-1/2"]
[WhiteElo "2016"]
[BlackElo "1895"]
[PlyCount "57"]
[EventDate "2015.09.12"]
[EventType "team-tourn"]
[EventRounds "11"]
[EventCountry "FIN"]
[SourceTitle "EXT 2017"]
[Source "ChessBase"]
[SourceDate "2016.10.25"]
[SourceVersion "1"]
[SourceVersionDate "2016.10.25"]
[SourceQuality "1"]
[WhiteTeam "Helsinki HSK"]
[BlackTeam "Helsinki Velhot"]
[WhiteTeamCountry "FIN"]
[BlackTeamCountry "FIN"]

1. Nc3 c5 2. e4 Nc6 3. g3 d6 4. Bg2 Nf6 5. d3 e6 6. f4 Be7 7. Nf3 Rb8 8. 0-0 b5 9. h3 b4 10. Ne2 e5 11. Be3 Qc7 12. Qd2 a5 13. g4 h6 14. Ng3 Nd4 15. fxe5 dxe5 16. c3 Nxf3+ 17. Rxf3 Be6 18. Nf5 Bxf5 19. Rxf5 Nd7 20. Kh1 f6 21. Qf2 0-0 22. Rf1 bxc3 23. bxc3 Qd6 24. d4 cxd4 25. cxd4 exd4 26. Bxd4 Ne5 27. Bxe5 fxe5 28. Rxf8+ Rxf8 29. Qe2 1/2-1/2

[Event "FIN-chT 1516"]
[Site "Finland"]
[Date "2015.09.12"]
[Round "1.8"]
[White "Torkkola, Henri"]
[Black "Tiinanen, Teemu"]
[Result "1-0"]
[WhiteElo "2156"]
[BlackElo "2016"]
[PlyCount "49"]
[EventDate "2015.09.12"]
[EventType "team-tourn"]
[EventRounds "11"]
[EventCountry "FIN"]
[SourceTitle "EXT 2016"]
[Source "ChessBase"]
[SourceDate "2015.10.08"]
[SourceVersion "1"]
[SourceVersionDate "2015.10.08"]
[SourceQuality "1"]
[WhiteTeam "Tampere Tammer"]
[BlackTeam "Helsinki HSK"]
[WhiteTeamCountry "FIN"]
[BlackTeamCountry "FIN"]

1. Nf3 c5 2. c4 Nc6 3. d4 cxd4 4. Nxd4 Nf6 5. Nc3 Qb6 6. Nb3 e6 7. e4 Bb4 8. Be3 Qc7 9. Nd2 Bxc3 10. bxc3 d5 11. Qf3 0-0 12. Be2 dxc4 13. 0-0 Na5 14. Rfd1 e5 15. Qg3 Re8 16. Bh6 g6 17. Qh4 Re6 18. Bg5 Ne8 19. Bd8 Qc5 20. Nf3 Rc6 21. Rd5 Qa3 22. Bxa5 b6 23. Bb4 Qb2 24. Re1 a5 25. Qe7 1-0

[Event "FIN-chT1B 1415"]
[Site "Finland"]
[Date "2015.02.07"]
[Round "6.6"]
[White "Tiinanen, Teemu"]
[Black "Suominen, Antti"]
[Result "0-1"]
[WhiteElo "2021"]
[BlackElo "2021"]
[PlyCount "80"]
[EventDate "2014.09.27"]
[EventType "team-tourn"]
[EventRounds "7"]
[EventCountry "FIN"]
[SourceTitle "EXT 2017"]
[Source "ChessBase"]
[SourceDate "2016.10.25"]
[SourceVersion "1"]
[SourceVersionDate "2016.10.25"]
[SourceQuality "1"]
[WhiteTeam "Helsinki HSK II"]
[BlackTeam "Helsinki KSK"]
[WhiteTeamCountry "FIN"]
[BlackTeamCountry "FIN"]

1. e4 c6 2. d4 d5 3. exd5 cxd5 4. Bd3 Nc6 5. c3 Nf6 6. Bf4 Bg4 7. Nf3 e6 8. Nbd2 Bd6 9. Bxd6 Qxd6 10. 0-0 0-0 11. Qe2 a6 12. Rae1 b5 13. b4 Rfb8 14. Nb3 a5 15. a3 axb4 16. axb4 Ra3 17. Qb2 Bxf3 18. Qxa3 Ng4 19. g3 e5 20. Nd2 Nxh2 21. dxe5 Nxe5 22. Rxe5 Qxe5 23. Nxf3 Nxf3+ 24. Kg2 Ne1+ 25. Rxe1 Qxe1 26. Bxb5 g6 27. Bc6 Qe4+ 28. Kg1 Qb1+ 29. Kh2 Qf5 30. Qa7 Rd8 31. Qb6 Qf6 32. b5 d4 33. cxd4 Qxf2+ 34. Bg2 Rxd4 35. Qb8+ Kg7 36. Qe5+ Qf6 37. Qxf6+ Kxf6 38. b6 Rb4 39. b7 Kg5 40. Kg1 Kg4 0-1

[Event "FIN-chT1B 1415"]
[Site "Finland"]
[Date "2014.11.15"]
[Round "3.4"]
[White "Tiinanen, Teemu"]
[Black "Porrasmaa, Timo"]
[Result "1-0"]
[WhiteElo "2021"]
[BlackElo "2081"]
[PlyCount "61"]
[EventDate "2014.09.27"]
[EventType "team-tourn"]
[EventRounds "7"]
[EventCountry "FIN"]
[SourceTitle "EXT 2017"]
[Source "ChessBase"]
[SourceDate "2016.10.25"]
[SourceVersion "1"]
[SourceVersionDate "2016.10.25"]
[SourceQuality "1"]
[WhiteTeam "Helsinki HSK II"]
[BlackTeam "Joensuu SK"]
[WhiteTeamCountry "FIN"]
[BlackTeamCountry "FIN"]

1. Nc3 Nf6 2. e4 d6 3. d4 e5 4. Nf3 Nbd7 5. Bc4 Be7 6. 0-0 0-0 7. Qe2 exd4 8. Nxd4 Ne5 9. Bb3 c5 10. Nf5 Bxf5 11. exf5 Qd7 12. Nd5 Rfe8 13. a4 Nc6 14. Qd3 Nd4 15. Bc4 Bd8 16. c3 Nc6 17. f4 a6 18. Be3 Na5 19. Nxf6+ Bxf6 20. Bd5 c4 21. Qe2 Qxf5 22. Rad1 Qd7 23. Rf3 Rac8 24. Rh3 Bd8 25. Qh5 h6 26. Bd4 Re6 27. Bxe6 Qxe6 28. f5 Qd5 29. Bxg7 Bb6+ 30. Kh1 Re8 31. Rg3 1-0

[Event "FIN-chT1 East 1314"]
[Site "Finland"]
[Date "2014.03.08"]
[Round "7.5"]
[White "Tiinanen, Teemu"]
[Black "Tuovinen, Jukka"]
[Result "1/2-1/2"]
[WhiteElo "2018"]
[BlackElo "2064"]
[PlyCount "41"]
[EventDate "2013.09.21"]
[EventType "team-tourn"]
[EventRounds "9"]
[EventCountry "FIN"]
[SourceTitle "EXT 2022"]
[Source "ChessBase"]
[SourceDate "2021.10.06"]
[SourceVersion "1"]
[SourceVersionDate "2021.10.06"]
[SourceQuality "1"]
[WhiteTeam "Helsinki HSK II"]
[BlackTeam "Helsinki SSK"]
[WhiteTeamCountry "FIN"]
[BlackTeamCountry "FIN"]

1. Nc3 e5 2. Nf3 Nc6 3. d4 exd4 4. Nxd4 Bc5 5. Nb3 Bb6 6. Bf4 d6 7. e4 Nf6 8. Qd2 Be6 9. Be2 a6 10. f3 Qe7 11. 0-0-0 0-0-0 12. Na4 Ba7 13. Qc3 Nh5 14. Bd2 Bxb3 15. axb3 Nd4 16. Qd3 Nxe2+ 17. Qxe2 f5 18. Rhe1 fxe4 19. Qxe4 Qxe4 20. Rxe4 Rde8 21. Rde1 1/2-1/2

[Event "Helsinki We HSL 6th"]
[Site "Helsinki"]
[Date "2013.??.??"]
[Round "4"]
[White "Norri, Joose"]
[Black "Tiinanen, Teemu"]
[Result "1/2-1/2"]
[WhiteElo "2341"]
[BlackElo "2015"]
[PlyCount "89"]
[EventDate "2013.??.??"]
[EventType "swiss"]
[EventRounds "5"]
[EventCountry "FIN"]
[SourceTitle "EXT 2022"]
[Source "ChessBase"]
[SourceDate "2021.10.06"]
[SourceVersion "1"]
[SourceVersionDate "2021.10.06"]
[SourceQuality "1"]

1. d4 Nf6 2. c4 e6 3. Nc3 Bb4 4. e3 0-0 5. Bd3 d5 6. Nf3 c5 7. 0-0 dxc4 8. Bxc4 Nbd7 9. Qe2 b6 10. Rd1 cxd4 11. exd4 Bxc3 12. bxc3 Bb7 13. Bd3 Nd5 14. Bd2 Qc7 15. c4 Nf4 16. Bxf4 Qxf4 17. Qe3 Qc7 18. a4 Bxf3 19. Qxf3 e5 20. a5 exd4 21. axb6 Nxb6 22. Qe4 g6 23. Qxd4 Rfd8 24. Qc3 Nd5 25. Qa3 Nf4 26. Bf1 Rxd1 27. Rxd1 a5 28. Qf3 Rc8 29. g3 Ne6 30. Rd5 Nc5 31. Bh3 Rb8 32. Qe3 Nb3 33. Rb5 Rxb5 34. cxb5 Nc5 35. Qe8+ Kg7 36. Bc8 a4 37. Bg4 Qa7 38. Qe5+ Kg8 39. Qf6 a3 40. b6 Qa5 41. Qd8+ Kg7 42. Qd4+ Kg8 43. Qd8+ Kg7 44. Qd4+ Kg8 45. Qd8+ 1/2-1/2

[Event "Helsinki We HSL 6th"]
[Site "Helsinki"]
[Date "2013.??.??"]
[Round "3"]
[White "Tiinanen, Teemu"]
[Black "Hallenberg, Sami"]
[Result "1-0"]
[WhiteElo "2015"]
[BlackElo "2119"]
[PlyCount "150"]
[EventDate "2013.??.??"]
[EventType "swiss"]
[EventRounds "5"]
[EventCountry "FIN"]
[SourceTitle "EXT 2022"]
[Source "ChessBase"]
[SourceDate "2021.10.06"]
[SourceVersion "1"]
[SourceVersionDate "2021.10.06"]
[SourceQuality "1"]

1. e4 c5 2. Nc3 Nc6 3. g3 g6 4. Bg2 Bg7 5. d3 e6 6. Be3 b6 7. Qd2 Nge7 8. Bh6 0-0 9. h4 f6 10. Bxg7 Kxg7 11. g4 h6 12. f4 d5 13. Nf3 Nd4 14. 0-0-0 b5 15. f5 exf5 16. gxf5 gxf5 17. Nxd4 cxd4 18. Nxd5 Nxd5 19. exd5 Qd6 20. Rhg1 Kh7 21. Bf3 Bb7 22. Bh5 Rg8 23. Bf7 Rg4 24. h5 Bxd5 25. Bg6+ Kg7 26. Bxf5 Rg5 27. Qf2 Bf7 28. Be4 Rg8 29. Qf5 Kf8 30. Qc8+ Ke7 31. Qb7+ Qd7 32. Rxg5 fxg5 33. Qa6 Bxh5 34. Rf1 Bf7 35. Qf6+ Kf8 36. Qxh6+ Rg7 37. Bg6 Kg8 38. Bxf7+ Rxf7 39. Qxg5+ Rg7 40. Qf4 Qd8 41. a3 a5 42. Qf5 Qg5+ 43. Kb1 Qg2 44. Qe6+ Kh7 45. Qf5+ Kg8 46. Qe6+ Kh7 47. Rf6 Qg5 48. Qh3+ Kg8 49. Qe6+ Kh7 50. Qe4+ Kg8 51. Qxd4 b4 52. axb4 axb4 53. Rb6 Qh5 54. Qc4+ Kh7 55. Rxb4 Qd1+ 56. Ka2 Ra7+ 57. Ra4 Rxa4+ 58. Qxa4 Kg6 59. Qe4+ Kf6 60. d4 Qf1 61. b3 Kf7 62. d5 Qa6+ 63. Qa4 Qb6 64. Qd7+ Kf8 65. d6 Qa5+ 66. Qa4 Qc5 67. Qf4+ Kg7 68. Qg3+ Kf7 69. Qd3 Qa5+ 70. Kb1 Qe1+ 71. Kb2 Qe5+ 72. c3 Ke8 73. Qd4 Qe2+ 74. Ka3 Kd7 75. Qc5 Qd1 1-0

[Event "Helsinki We HSL 6th"]
[Site "Helsinki"]
[Date "2013.??.??"]
[Round "1"]
[White "Tiinanen, Teemu"]
[Black "Kokkala, Janne"]
[Result "1-0"]
[WhiteElo "2015"]
[BlackElo "1880"]
[PlyCount "73"]
[EventDate "2013.??.??"]
[EventType "swiss"]
[EventRounds "5"]
[EventCountry "FIN"]
[SourceTitle "EXT 2022"]
[Source "ChessBase"]
[SourceDate "2021.10.06"]
[SourceVersion "1"]
[SourceVersionDate "2021.10.06"]
[SourceQuality "1"]

1. Nc3 Nf6 2. e4 e5 3. f4 d5 4. fxe5 Nxe4 5. Qf3 Nxc3 6. bxc3 c5 7. Qg3 Qc7 8. Nf3 Bd7 9. Be2 Nc6 10. 0-0 0-0-0 11. Ng5 Be8 12. Nf3 h6 13. d4 Bd7 14. Be3 Ne7 15. Qe1 c4 16. Qb1 Nf5 17. Bc1 Re8 18. Ne1 Re6 19. a4 Qa5 20. Bb2 Rg6 21. Bh5 Rg5 22. Bxf7 Be7 23. Nf3 Rg4 24. e6 Be8 25. Ne5 Rg5 26. Bxe8 Rxe8 27. Nf7 Ne3 28. Nxg5 Nxf1 29. Nf7 Nd2 30. Qd1 Ne4 31. Qh5 Bf6 32. Ne5 Rxe6 33. Nxc4 Qa6 34. Qxd5 Bg5 35. Re1 Nc5 36. Qxc5+ Kd7 37. Qd5+ 1-0

[Event "Helsinki We HSK 5th Group A"]
[Site "Helsinki"]
[Date "2013.??.??"]
[Round "2"]
[White "Tiinanen, Teemu"]
[Black "Suominen, Antti"]
[Result "1-0"]
[WhiteElo "2015"]
[BlackElo "2009"]
[PlyCount "81"]
[EventDate "2013.??.??"]
[EventType "swiss"]
[EventRounds "5"]
[EventCountry "FIN"]
[SourceTitle "EXT 2022"]
[Source "ChessBase"]
[SourceDate "2021.10.06"]
[SourceVersion "1"]
[SourceVersionDate "2021.10.06"]
[SourceQuality "1"]

1. e4 d5 2. exd5 Nf6 3. Nf3 Qxd5 4. d4 Bg4 5. Be2 Nc6 6. c4 Qf5 7. Be3 0-0-0 8. Nc3 e6 9. a3 Bc5 10. 0-0 Bxf3 11. Bxf3 Nxd4 12. Bxd4 Bxd4 13. Qa4 g5 14. Nb5 a6 15. Rad1 e5 16. Rxd4 exd4 17. Na7+ Kb8 18. Qb4 Ne4 19. Nc6+ Ka8 20. Nxd8 Rxd8 21. Qe7 Qf6 22. Qxe4 c6 23. Rd1 h5 24. Bxh5 Rh8 25. Bg4 Qh6 26. h3 c5 27. b4 cxb4 28. axb4 Qb6 29. Ra1 Rd8 30. b5 a5 31. Bf3 Rd7 32. Qd3 Kb8 33. Qd2 d3 34. Rxa5 f5 35. Bd5 g4 36. hxg4 fxg4 37. Qf4+ Qc7 38. Qxc7+ Kxc7 39. Ra3 Kb6 40. Rxd3 Kc5 41. Kf1 1-0

[Event "FIN-chT1A 1011"]
[Site "Finland"]
[Date "2010.11.21"]
[Round "5.4"]
[White "Tiinanen, Teemu"]
[Black "Saren, Ilkka J"]
[Result "0-1"]
[WhiteElo "1951"]
[BlackElo "2201"]
[PlyCount "48"]
[EventDate "2010.09.18"]
[EventType "team-tourn"]
[EventRounds "9"]
[EventCountry "FIN"]
[SourceTitle "EXT 2022"]
[Source "ChessBase"]
[SourceDate "2021.10.06"]
[SourceVersion "1"]
[SourceVersionDate "2021.10.06"]
[SourceQuality "1"]
[WhiteTeam "Helsinki HSK III"]
[BlackTeam "Helsinki SSK"]
[WhiteTeamCountry "FIN"]
[BlackTeamCountry "FIN"]

1. Nc3 c5 2. e4 Nc6 3. g3 g6 4. Bg2 Bg7 5. d3 d6 6. Be3 Nf6 7. h3 0-0 8. Nge2 e5 9. 0-0 Nd4 10. Qd2 Bxh3 11. f4 Bxg2 12. Kxg2 Ng4 13. Nd5 f5 14. c3 Nxe3+ 15. Nxe3 Nxe2 16. Qxe2 exf4 17. Rxf4 Bh6 18. Rh4 f4 19. Qg4 Bg5 20. Qe6+ Kg7 21. Nf5+ gxf5 22. Rxh7+ Kxh7 23. Rh1+ Kg7 24. gxf4 Qf6 0-1